000 00541nam a2200181Ia 4500
005 20250508153058.0
008 008 250505s9999 xx 000 0 eng d
037 _aTextual
040 _aFEDL
_beng
_cFEDL
041 _aeng
_2eng
084 _a378.13, BUT
_qFEDL
100 _aButterfield Herbert
245 0 _aUniversities and education today: The lindsay memorial lectures
260 _aLondon, UK
_bRoutledge and Kegan Paul
_c1962
300 _aviii,109p.
942 _cTEXL
_h378.13, BUT
999 _c1340570
_d1340570